The epistle to the Ephesians: (Record no. 5855)

000 -LEADER
fixed length control field 00835nam a2200205 a 4500
001 - CONTROL NUMBER
control field :::00003597$&:&@@
003 - CONTROL NUMBER IDENTIFIER
control field OkBaRHE
005 - DATE AND TIME OF LATEST TRANSACTION
control field 20000607103308.0
008 - FIXED-LENGTH DATA ELEMENTS--GENERAL INFORMATION
fixed length control field s1961 j 000 0 eng u
040 ## - CATALOGING SOURCE
Transcribing agency
100 1# - MAIN ENTRY--PERSONAL NAME
Personal name Bruce, F. F. (Frederick Fyvie), 1910-
245 14 - TITLE STATEMENT
Title The epistle to the Ephesians:
Remainder of title a verse-by-verse exposition.
260 ## - PUBLICATION, DISTRIBUTION, ETC. (IMPRINT)
Place of publication, distribution, etc Old Tappan, NJ., :
Name of publisher, distributor, etc Fleming H. Revell Co.
Date of publication, distribution, etc c1961
300 ## - PHYSICAL DESCRIPTION
Extent 140 p. ;
Dimensions 21 cm.
650 ## - SUBJECT ADDED ENTRY--TOPICAL TERM
Topical term or geographic name as entry element Bible New Testament Ephesians
General subdivision Commentaries
942 ## - ADDED ENTRY ELEMENTS (KOHA)
Source of classification or shelving scheme
Koha item type Books
Copies
Lost status Date last seen Copy number Not for loan Permanent Location Shelving location Current Location Koha item type Date checked out Full call number Price effective from Source of classification or shelving scheme Total Checkouts Date acquired Damaged status Barcode Withdrawn status
 2018-04-031 RHEMA Bible Training CollegeGeneral Stacks Books BS 2695.3 .B752010-04-14  2010-04-14 3597 
 2018-04-033 RHEMA Bible Training CollegeGeneral Stacks Books BS 2695.3 .B752010-04-14  2010-04-14 18509 
 2018-04-032 RHEMA Bible Training CollegeGeneral StacksRHEMA Bible Training CollegeBooks2011-11-08BS 2695.3 .B752010-04-14 12010-04-14 15674